日本プロ野球全チーム名変遷 - Statistics

General Stats
  • This quiz has been taken 523 times
  • The average score is 31 of 83
Answer Stats
活動期間 名前 % Correct
1947-現在 読売ジャイアンツ
92%
1961-現在 阪神タイガース
91%
1948-1950, 1954-現在 中日ドラゴンズ
87%
2005-現在 オリックス・バファローズ
85%
1992-現在 千葉ロッテマリーンズ
81%
2005-現在 福岡ソフトバンクホークス
81%
1962-1998 近鉄バファローズ
80%
2004-現在 北海道日本ハムファイターズ
79%
1968-現在 広島東洋カープ
79%
2006-現在 東京ヤクルトスワローズ
77%
2012-現在 横浜DeNAベイスターズ
76%
2008-現在 埼玉西武ライオンズ
75%
2005-現在 東北楽天ゴールデンイーグルス
75%
1989-2004 福岡ダイエーホークス
75%
1991-2004 オリックス・ブルーウェーブ
74%
1947-1988 南海ホークス
74%
1993-2011 横浜ベイスターズ
73%
1974-2003 日本ハムファイターズ
70%
1979-2007 西武ライオンズ
70%
1950-1952, 1955-1977 大洋ホエールズ
69%
1974-2005 ヤクルトスワローズ
67%
1947-1988 阪急ブレーブス
67%
1950-1965 国鉄スワローズ
65%
1950-1967 広島カープ
62%
1936-1940, 1946-1960 大阪タイガース
60%
1951-1972 西鉄ライオンズ
58%
1969-1991 ロッテオリオンズ
57%
1999-2004 大阪近鉄バファローズ
55%
1950-1952 松竹ロビンス
51%
1954-1972 東映フライヤーズ
43%
1954, 1956 高橋ユニオンズ
42%
1950-1957 毎日オリオンズ
40%
1989-1990 オリックス・ブレーブス
38%
1978-1992 横浜大洋ホエールズ
35%
1977-1978 クラウンライターライオンズ
32%
1966-1968 サンケイアトムズ
32%
1936-1943 名古屋軍
32%
1936-1946 東京巨人軍
32%
1955 トンボユニオンズ
31%
1970-1973 ヤクルトアトムズ
30%
1959-1961 近鉄バファロー
29%
1951-1953 名古屋ドラゴンズ
28%
1973-1976 太平洋クラブライオンズ
27%
1936-1940 名古屋金鯱軍
26%
1947, 1949-1953 東急フライヤーズ
25%
1936-1946 阪急軍
25%
1950-1958 近鉄パールス
23%
1940-1944 阪神軍
23%
1938-1944 南海軍
22%
1973 日拓ホームフライヤーズ
22%
1950 西日本パイレーツ
22%
1965 サンケイスワローズ
20%
1969 アトムズ
19%
1949-1956 大映スターズ
17%
1946 セネタース
16%
1946-1947 近畿グレートリング
16%
1950 西鉄クリッパース
15%
1954 洋松ロビンス
13%
1946 中部日本
12%
1953 大洋松竹ロビンス
11%
1944 産業軍
11%
1943 西鉄軍
11%
1938-1940 イーグルス
10%
1958-1963 毎日大映オリオンズ
10%
1964-1968 東京オリオンズ
9%
1940 翼軍
9%
1947 中部日本ドラゴンズ
8%
1936-1937 大東京軍
8%
1941-1942 大洋軍
8%
1936-1940 東京セネタース
8%
1944 近畿日本軍
8%
1937-1940 ライオン軍
7%
1957 大映ユニオンズ
7%
1947 太陽ロビンス
7%
1948 急映フライヤーズ
7%
1941-1944 朝日軍
7%
1947-1948 金星スターズ
7%
1942-1943 大和軍
6%
1948-1949 大陽ロビンス
6%
1940-1942 黒鷲軍
6%
1946 ゴールドスター
5%
1937 後楽園イーグルス
5%
1946 パシフィック
4%
No matching quizzes found
Score Distribution
Percent of People with Each Score
Percentile by Number Answered
Your Score History
You have not taken this quiz